000 00565cam a22002053a 4500
001 44323
003 PGUSA
005 20140828084019.0
008 131201s2013||||xxu|||||s|||||000 | eng d
040 _aPGUSA
_beng
042 _adc
100 1 _aWagner, Charles,
_d1852-1916
245 1 0 _aLa vie simple
_h[electronic resource] /
_cCharles Wagner
260 _bProject Gutenberg,
_c2013
506 _aPublic domain in the USA.
516 _aElectronic text
830 0 _aProject Gutenberg
_v44323
856 4 0 _uhttp://www.gutenberg.org/ebooks/44323
942 _cEB
999 _c273574
_d273574